000 00836nam a22002537a 4500
001 BR9212078
003 BR-BrBNA
005 20230928093727.0
007 ta
008 230509b bl.||||| |||| 00| 0 por d
040 _aBR-BrBNA
_bpor
_cBiblioteca Nacional de Agricultura
041 _a(Por)
072 _aP06
_b3295
090 _ 3295 BR9212078
110 1 _aInstituto de Pesquisas Tecnologicas, Sao Paulo, SP (Brasil)
_96224
245 1 _aEspecies promissoras como fonte de biomassa florestal para fins energeticos: (Gmelina ou Yemane)
_bProjeto Potencial de Biomassas Vegetais para fins energeticos no Estado de Sao Paulo
260 3 _aSao Paulo, SP (Brasil):
_c1980.
300 _a33 p.
650 _aGmelina
650 _aBiomassa
650 _aRecurso Energetico
909 _a202309
_bLucia
_c55
_dLucia Elande
942 _cBK
999 _c46733
_d46733